000 00410nam a2200169Ia 4500
001 25224
003 IN-NITTTR
005 20251114233320.0
008 251113s9999||||xx |||||||||||||| ||eng||
040 _beng
040 _cIN-NITTTR
041 _aeng
082 _a658.562 M58F
100 _aMitra, Amitava
245 0 _aFundamentals of quality control and improvement /
_cMitra, Amitava
942 _2ddc
_cBK
999 _c27853
_d27853